<?xml version="1.0" encoding="UTF-8"?>
<record
    xmlns:xsi="http://www.w3.org/2001/XMLSchema-instance"
    xsi:schemaLocation="http://www.loc.gov/MARC21/slim http://www.loc.gov/standards/marcxml/schema/MARC21slim.xsd"
    xmlns="http://www.loc.gov/MARC21/slim">

  <leader>01130cam a2200277 a 4500</leader>
  <controlfield tag="005">20151006020003.0</controlfield>
  <controlfield tag="008">140317s2006    ck ab  gr|||| 00| 0 spa d</controlfield>
  <datafield tag="041" ind1=" " ind2=" ">
    <subfield code="a">spa</subfield>
  </datafield>
  <datafield tag="044" ind1=" " ind2=" ">
    <subfield code="a">ck</subfield>
  </datafield>
  <datafield tag="082" ind1=" " ind2=" ">
    <subfield code="a">590</subfield>
    <subfield code="b">C95e</subfield>
  </datafield>
  <datafield tag="090" ind1=" " ind2=" ">
    <subfield code="a">LB</subfield>
    <subfield code="b">05563</subfield>
  </datafield>
  <datafield tag="100" ind1="1" ind2=" ">
    <subfield code="a">Gonzalez Naranjo, Jos&#xE9; Anibal</subfield>
    <subfield code="9">22058</subfield>
  </datafield>
  <datafield tag="245" ind1="1" ind2="0">
    <subfield code="a">Estudio de las especies focales de fauna en el departamento del Quind&#xED;o</subfield>
    <subfield code="c">Corporaci&#xF3;n Aut&#xF3;noma Regional del Quind&#xED;o, Jos&#xE9; Anibal Gonzalez Naranjo</subfield>
  </datafield>
  <datafield tag="260" ind1="3" ind2=" ">
    <subfield code="a">Armenia</subfield>
    <subfield code="b">CRQ</subfield>
    <subfield code="c">2006</subfield>
  </datafield>
  <datafield tag="300" ind1=" " ind2=" ">
    <subfield code="a">89 p.</subfield>
    <subfield code="b">il., fot., mapas, tablas</subfield>
    <subfield code="c">27.5 cm</subfield>
  </datafield>
  <datafield tag="504" ind1=" " ind2=" ">
    <subfield code="a">Incluye bibliograf&#xED;a (p&#xE1;ginas 85 y 86)</subfield>
  </datafield>
  <datafield tag="650" ind1=" " ind2="4">
    <subfield code="a">Fauna</subfield>
    <subfield code="v">Estudio</subfield>
    <subfield code="x">Especies</subfield>
    <subfield code="z">Quind&#xED;o (Colombia)</subfield>
    <subfield code="9">22546</subfield>
  </datafield>
  <datafield tag="650" ind1=" " ind2="4">
    <subfield code="a">Osos</subfield>
    <subfield code="v">Estudio</subfield>
    <subfield code="x">Protecci&#xF3;n</subfield>
    <subfield code="z">Quind&#xED;o (Colombia)</subfield>
    <subfield code="9">22547</subfield>
  </datafield>
  <datafield tag="650" ind1=" " ind2="4">
    <subfield code="a">Danta</subfield>
    <subfield code="v">Estudio</subfield>
    <subfield code="z">Quind&#xED;o (Colombia)</subfield>
    <subfield code="9">22548</subfield>
  </datafield>
  <datafield tag="650" ind1=" " ind2="4">
    <subfield code="a">Puma</subfield>
    <subfield code="v">Estudio</subfield>
    <subfield code="z">Quind&#xED;o (Colombia)</subfield>
    <subfield code="9">22549</subfield>
  </datafield>
  <datafield tag="650" ind1=" " ind2="4">
    <subfield code="a">Nutria</subfield>
    <subfield code="v">Estudio</subfield>
    <subfield code="z">Quind&#xED;o (Colombia)</subfield>
    <subfield code="9">22550</subfield>
  </datafield>
  <datafield tag="650" ind1=" " ind2="4">
    <subfield code="a">Mono</subfield>
    <subfield code="v">Estudio</subfield>
    <subfield code="z">Quind&#xED;o (Colombia)</subfield>
    <subfield code="9">22551</subfield>
  </datafield>
  <datafield tag="650" ind1=" " ind2="4">
    <subfield code="a">Tortuga</subfield>
    <subfield code="v">Estudio</subfield>
    <subfield code="z">Quind&#xED;o (Colombia)</subfield>
    <subfield code="9">22552</subfield>
  </datafield>
  <datafield tag="710" ind1="2" ind2=" ">
    <subfield code="a">Corporaci&#xF3;n Aut&#xF3;noma Regional del Quind&#xED;o</subfield>
    <subfield code="9">7340</subfield>
  </datafield>
  <datafield tag="942" ind1=" " ind2=" ">
    <subfield code="c">Impreso</subfield>
    <subfield code="2">ddc</subfield>
    <subfield code="0">1</subfield>
  </datafield>
  <datafield tag="999" ind1=" " ind2=" ">
    <subfield code="c">6983</subfield>
    <subfield code="d">6983</subfield>
  </datafield>
  <datafield tag="952" ind1=" " ind2=" ">
    <subfield code="0">0</subfield>
    <subfield code="1">0</subfield>
    <subfield code="2">ddc</subfield>
    <subfield code="4">0</subfield>
    <subfield code="7">0</subfield>
    <subfield code="8">GENERAL</subfield>
    <subfield code="I">INV2017</subfield>
    <subfield code="a">Bogota</subfield>
    <subfield code="b">Bogota</subfield>
    <subfield code="d">2014-03-17</subfield>
    <subfield code="e">Instituto</subfield>
    <subfield code="g">15000.00</subfield>
    <subfield code="l">0</subfield>
    <subfield code="o">LB-590 C95e</subfield>
    <subfield code="p">034238</subfield>
    <subfield code="r">2014-03-17 00:00:00</subfield>
    <subfield code="t">Ej. 3</subfield>
    <subfield code="w">2014-03-17</subfield>
    <subfield code="x">Donaci&#xF3;n</subfield>
    <subfield code="y">LIBRO</subfield>
  </datafield>
  <datafield tag="952" ind1=" " ind2=" ">
    <subfield code="0">0</subfield>
    <subfield code="1">0</subfield>
    <subfield code="2">ddc</subfield>
    <subfield code="4">0</subfield>
    <subfield code="7">0</subfield>
    <subfield code="8">GENERAL</subfield>
    <subfield code="I">INV2017</subfield>
    <subfield code="a">Bogota</subfield>
    <subfield code="b">Bogota</subfield>
    <subfield code="d">2014-03-17</subfield>
    <subfield code="e">Instituto</subfield>
    <subfield code="g">15000.00</subfield>
    <subfield code="l">1</subfield>
    <subfield code="o">LB-590 C95e</subfield>
    <subfield code="p">034239</subfield>
    <subfield code="r">2015-10-05 00:00:00</subfield>
    <subfield code="s">2015-10-05</subfield>
    <subfield code="t">Ej. 4</subfield>
    <subfield code="w">2014-03-17</subfield>
    <subfield code="x">Donaci&#xF3;n</subfield>
    <subfield code="y">LIBRO</subfield>
  </datafield>
</record>
